000 01279nam a2200265 i 4500
001 190704
003 ES-MaACL
005 20251012174454.0
008 220511s2015 sp a 000 0 spa
080 _a75.021.32(083.824)
080 _a75.036(083.824)
245 0 0 _a20 pintores unidos por la acuarela :
_ben Ávila con motivo del V Centenario de Santa Teresa : del 17 de febrero al 13 de marzo de 2015, Palacio de los Guzmanes, sede de la Diputación de Ávila : [III Bienal itinerante /
_corganizan, Pablo Reviriego y Mercedes Ballesteros ; comisario de Bienal, Pablo Reviriego ; patrocinador, Max Sauer s.a.s. y Metro de Madrid].
246 3 _aVeinte pintores unidos por la acuarela :
_bIII Bienal itinerante
260 _a[Alcorcón, Madrid :
_bs.n.,
_c2015] (
_fImart Artes Gráf.)
300 _a[30] p. :
_bprincipalmente il. col. ;
_c28 cm.
650 4 _aAcuarela-
_zEspaña-
_yS.XX-
_vExposiciones.
_9144533
655 7 _2tgfbne
_9193628
_aCatálogos de exposiciones
700 1 _aReviriego, Pablo,
_d1948-
_9171367
700 1 _aBallesteros, Mercedes,
_d1946-
_9166772
710 1 _aAvila (Provincia).
_bDiputación Provincial.
_92075
710 2 _aMetro de Madrid.
_9151507
852 4 _aES-MaACL
_j2343-F-23
942 _2udc
999 _c190704
_d190704